000 00788nam a2200217 i 4500
001 152085
003 ES-MaACL
005 20250819002058.0
008 931025m18521854sp |||| | spa d
130 0 _aBiblia.
_lEspañol
_9119282
245 1 3 _aLa Santa Biblia /
_ctraducida al español de la Vulgata latina y anotada conforme al sentido de los Santos Padres ... por Felipe Scio de S. Miguel.
260 _aMadrid :
_bGaspar y Roig, editores,
_c1852-1854.
300 _a5 v. :
_bil. ;
_c27 cm.
490 1 _aBiblioteca ilustrada
630 0 4 _aBiblia
_9119237
700 1 _aScio de San Miguel, Felipe,
_d1738-1796
_9104930
830 0 _aBiblioteca ilustrada
_9188280
852 _aES-MaACL
_jC-1704-08
_z-- Enc. hol.
999 _c152085
_d152085